Normal view
MARC view
- Supervisor: Dr. Khawaja Fahad Iqbal
Entry Personal Name
001 - CONTROL NUMBER
- control field: 125661
003 - CONTROL NUMBER IDENTIFIER
- control field: NUST
005 - DATE AND TIME OF LATEST TRANSACTION
- control field: 20240904100804.0
008 - FIXED-LENGTH DATA ELEMENTS
- fixed length control field: 240904|| aca||aabn | a|a d
040 ## - CATALOGING SOURCE
- Original cataloging agency: NUST
- Transcribing agency: NUST
100 ## - HEADING--PERSONAL NAME
- Personal name: Supervisor: Dr. Khawaja Fahad Iqbal
670 ## - SOURCE DATA FOUND
- Source citation: Work cat.: (NUST): Naveed, Izma 125660, Augmented Reality Based SLAM /
